000 00410nam a2200181Ia 4500
001 9595
005 20260306161730.0
008 260306t2017||||xx |||||||||||||| ||spa||
041 _aESP
082 _a382.6
_bA49
100 _aAlvarez Isla, Mercedes
_eAUT
245 0 _aExporta fácil
260 _c2017
300 _a47 páginas :
_c24 cm.
650 _aGEN
654 _aCAN
942 _cLIB
_dJUS
_fJUS
_2ddc
_n
999 _c9595
_d9595